Quiz su Palermo - Statistics

Statistiche generali
  • Questo quiz è stato fatto 27 volte
    13 dall'ultimo reset
  • Il punteggio medio è 7 su 14
Statistiche sulle risposte
Indizio Risposta % Corretto
Capoluogo di questa regione Sicilia
100%
Mare che bagna la città Tirreno
100%
Palline di riso fritte, possono essere alla carne o al burro Arancine
77%
Famoso stilista che opera con Stefano Gabbana Domenico Dolce
77%
Duo comico, storici conduttori di Striscia la Notizia Ficarra e Picone
69%
Popolo che portò Palermo al suo massimo splendore tra il XII e XIII secolo Normanni
62%
Sovrano definito "stupor mundi" Federico II
54%
Santa protettrice di Palermo, per la quale ogni anno, a luglio, si celebra una tradizionale festa Santa Rosalia
46%
Frittelle di farina di ceci, tipico street food palermitano Panelle
38%
Nome della pianura su cui sorge Palermo, un tempo coperta di agrumeti Conca d'oro
31%
Stile architettonico caratteristico di alcuni palazzi che resero Palermo una delle città più famose nella Belle Époque Stile liberty
31%
Popolo che fondò Palermo tra il VII e VI secolo a.C. Fenici
23%
Palazzo considerato la più antica residenza reale d'Europa Palazzo dei Normanni
23%
Movimento letterario che ebbe fulcro a Palermo nel XIII secolo Scuola poetica siciliana
15%
Nessun quiz corrispondente trovato
Distribuzione punteggi
Percentuale di utenti per punteggio
Percentile per numero di risposta
I tuoi punteggi nel tempo
Non hai fatto questo quiz dall'ultimo reset